|
|
|
|
| LEADER |
01351nam a22002777a 4500 |
| 001 |
35780 |
| 003 |
BD-DhAAL |
| 005 |
20211129150129.0 |
| 008 |
190918r19961984bg ||||| b||| 001 0 ben d |
| 999 |
|
|
|c 41294
|d 41294
|
| 020 |
|
|
|a 9840733575
|
| 040 |
|
|
|a BD-DhAAL
|
| 082 |
|
|
|a 954.92
|
| 100 |
|
|
|a চক্রবর্তী, রতন লাল
|9 34817
|
| 245 |
|
|
|a সিপাহি যুদ্ধ ও বাংলাদেশ /
|c রতন লাল চক্রবর্তী
|
| 246 |
|
|
|a Sipaheejuddha-O-Bangladesh
|
| 246 |
|
|
|a Sepoy war and Bangladesh
|
| 260 |
|
|
|a ঢাকা :
|b বাংলা একাডেমী,
|c ১৯৮৪ [প্রথম মুদ্রণ ১৯৯৬]
|
| 300 |
|
|
|a [সাত], ২৩১ পৃষ্ঠা ;
|c ২২ সে.মি.
|
| 504 |
|
|
|6 বিবলিওগ্রাফী (পৃষ্ঠা [২০৯]-২২৬] ও ইনডেক্স অন্তর্ভুক্ত।
|
| 526 |
|
|
|a BIED
|
| 541 |
|
|
|a Complimentary copy from BIED
|e 35780
|
| 651 |
|
|
|a Bangladesh
|x History.
|9 17603
|
| 852 |
|
|
|a Ayesha Abed Library
|c BIED Collection
|
| 942 |
|
|
|2 ddc
|c BK
|
| 952 |
|
|
|0 0
|1 0
|2 ddc
|4 0
|6 954_920000000000000_CHA
|7 0
|9 66362
|a BRACUL
|b BRACUL
|c GEN
|d 2019-09-18
|e Complimentary copy from BIED
|l 1
|m 2
|o 954.92 CHA
|p 3010035780
|r 2025-09-02
|s 2025-08-23
|t 1
|w 2019-09-18
|y BK
|x Transferred from BIED to General Stacks
|